000
00253nam a2200121Ia 4500
100
_a
Black/ Paul.H
942
_c
BK
654
_a
Metal Cutting
245
_a
Theory of Metal Cutting
260
_b
McGraw Hill
_c
2001
300
_a
204
546
_a
ENGLISH
999
_c
19428
_d
19428